00341nam a2200133Ia 4500008004100000020001500041041001200056082001600068100002200084245004100106260003700147300000800184650001500192221030s9999 xx 000 0 und d a8125903542 aEnglish a105.23bShi aM. B. Shrivastava 0aWood Techologycby M. B. Shrivastava bVikas Pub.HouseaNew Delhic1997 a180 aMechanical